Starcraft 2: Wings of Liberty Characters - Statistics

General Stats
  • This quiz has been taken 74 times
  • The average score is 9 of 20
Answer Stats
Hint Answer % Correct
Main character and commander of the rebel force against the Dominion James Raynor
97%
Emperor of the Dominion; previously led the Sons of Korhal (first name) Arcturus Mengsk
72%
Protoss Dark Prelate who gives the main character an Ihan Crystal Zeratul
68%
Former Confederate Ghost who was taken and reborn into the Swarm Sarah Kerrigan
67%
Former Dominion Ghost who leads Spectres against the Dominion Gabriel Tosh
57%
General who initially led the Dominion attack on Char Horace Warfield
57%
Captain of the Hyperion Matthew Horner
55%
Convict who appears to the main character with a deal to collect alien artifacts Tychus Findlay
53%
Chief engineer of the Hyperion Rory Swann
52%
Crown prince of the Dominion; owner of the Moebius Foundation (first name) Valerian Mengsk
52%
Former Protoss Executor who reveals the alteration of the Swarm Tassadar
42%
UNN reporter who was admitted to a mental institution Donny Vermillion
35%
Hyperion scientist who studies Protoss and Zerg samples in the laboratory Egon Stetmann
32%
Protoss Executor who likes to kill it with fire Selendis
32%
Mercenary in the Hyperion Cantina who offers contracts of other mercenaries Graven Hill
30%
Agria scientist who asks the main character to fight the Protoss Ariel Hanson
28%
UNN reporter who is not afraid to question the emperor Kate Lockwell
23%
Protoss/Zerg Hybrid who imprisoned the Preservers of Zhakul Maar
18%
Hyperion engineer who seems to appear in every room the character enters Milo Kachinsky
17%
Terran actress who was depicted holding a rifle onto a Marine suit Kyla Velassi
10%
No matching quizzes found
Score Distribution
Percent of People with Each Score
Percentile by Number Answered
Your Score History
You have not taken this quiz